Science Quiz

Random Science Quiz

SI Derived Units Quiz Stats

 Plays Quiz not verified by Sporcle

Challenge
Share
Tweet
Embed
Score 0/17 Timer 02:00
0 Plays Today
Measurement Unit % Correct
Forcenewton
84.7%
Energyjoule
80.5%
Powerwatt
78.6%
Frequencyhertz
77.7%
Pressurepascal
77.7%
Electric Resistanceohm
73.5%
Potential differencevolt
73%
Electric Chargecoulomb
67.4%
Capacitancefarad
57.2%
Measurement Unit % Correct
Magnetic fieldtesla
57.2%
Illuminancelux
52.6%
Velocitym|s
13%
Volumem^3
11.6%
Aream^2
11.2%
Densitykg|m^3
10.7%
Accelerationm|s^2
9.8%
Electric FieldN|C
7.9%

You're not logged in!

Compare scores with friends on all Sporcle quizzes.
Join for Free
OR
Log In

You Might Also Like...

Show Comments

Extras

Created Feb 7, 2010ReportNominate
Tags:derived, measurement, symbol, unit

Top Quizzes Today


Score Distribution

Your Account Isn't Verified!

In order to create a playlist on Sporcle, you need to verify the email address you used during registration. Go to your Sporcle Settings to finish the process.

Report this User

Report this user for behavior that violates our Community Guidelines.

Details: